封神演義
| 資料類型: | 圖書 | 書目號: | 41582 |
Leader xxxxxxxxxx 001 __ PCLIS00041582 005 __ 20100111085123.23 010 0_ |a957-|b平裝|dNT$ 020 __ |acw|b82005151 100 __ |a20100111d2010 0chib0109 e 101 0_ |achi 102 __ |acw 105 __ |aa z 000yy 200 1_ |a封神演義|e|f顏進之主編|g 205 __ |a初版 210 __ |a臺北市|c南雁圖書出版|d1997 215 0_ |a頁|c圖, 表|d公分 225 1_ |a|v 300 __ |a 681 __ |a857.4|b 700 __ |a顏|b進之|4主編 702 _1 |a|b|4 801 __ |acw|b本館|c20100111 |